000 00523nam a2200181Ia 4500
999 _c53397
_d53397
003 GCL
005 20240530105128.0
008 140319s9999 xx 000 0 ara d
040 _aGCL /
_cGCL
082 0 4 _a191
_bع ا
100 1 _aعبدالرحمن بدوى
245 1 0 _aامانويل كنت /
_cعبدالرحمن بدوى
260 _a[S.N] :
_bوكالة المطبوعات ،
_c1977
300 _a372 ص
650 0 4 _aايمانويل كانت
650 0 4 _aالفلاسفة - تراجم
942 _2ddc
_cBK